000 00750nam a2200181Ia 4500
008 090124s9999 xx 000 0 und d
082 _b128540
100 _aकुलकर्णी नीलाम्बरी
245 _a गौरीचं आठवं पाऊल ( दीर्घकथा संग्रह )
250 _a1
260 _c1998
300 _a139
600 _aकुलकर्णी नीलाम्बरी
630 _a गौरीचं आठवं पाऊल ( दीर्घकथा संग्रह )
700 _aकुलकर्णी नीलाम्बरी
730 _a गौरीचं आठवं पाऊल ( दीर्घकथा संग्रह )
942 _cBOOK
999 _c174629
_d174629